Electromagnetics, microwave circuit, and antenna design for communications engineering, second edition / (Record no. 29709)

000 -LEADER
fixed length control field 00764 a2200205 4500
020 ## - INTERNATIONAL STANDARD BOOK NUMBER
International Standard Book Number 1580539076
020 ## - INTERNATIONAL STANDARD BOOK NUMBER
International Standard Book Number 9781580539074
082 ## - DEWEY DECIMAL CLASSIFICATION NUMBER
Classification number 621.382
090 ## - LOCALLY ASSIGNED LC-TYPE CALL NUMBER (OCLC); LOCAL CALL NUMBER (RLIN)
-- 1092
-- 1092
100 1# - MAIN ENTRY--PERSONAL NAME
Personal name Russer, Peter.
245 10 - TITLE STATEMENT
Title Electromagnetics, microwave circuit, and antenna design for communications engineering, second edition /
Statement of responsibility, etc. Peter Russer.
250 ## - EDITION STATEMENT
Edition statement 2nd ed.
260 ## - PUBLICATION, DISTRIBUTION, ETC.
Place of publication, distribution, etc. [S.l.] :
Name of publisher, distributor, etc. Artech House,
Date of publication, distribution, etc. 2006.
300 ## - PHYSICAL DESCRIPTION
Extent 729 p. ;
Dimensions 24 cm.
490 1# - SERIES STATEMENT
Series statement Artech house antennas and propagation library.
700 ## - ADDED ENTRY--PERSONAL NAME
Personal name Russer, Peter.
830 #0 - SERIES ADDED ENTRY--UNIFORM TITLE
Uniform title Artech house antennas and propagation library.
942 ## - ADDED ENTRY ELEMENTS (KOHA)
Institution code [OBSOLETE] SNS
Koha item type Book
Call number prefix 621.382 RUS
Holdings
Withdrawn status Lost status Damaged status Not for loan Permanent Location Current Location Date acquired Total Checkouts Full call number Barcode Date last seen Price effective from Koha item type
        School of Natural Sciences (SNS) School of Natural Sciences (SNS) 05/26/2016   621.382 RUS SNS0001529 05/26/2016 05/26/2016 Book
© 2023 Central Library, National University of Sciences and Technology. All Rights Reserved.